Siatkarze z największą liczbą występów w reprezentacji Polski - Statystyki

Ogólne statystyki
  • Ten quiz został rozwiązany 149 razy
  • Średni wynik to 4 z 10
Statystyki odpowiedzi
Liczba Występów Siatkarz % Poprawnych
450
Piotr Gruszka
86%
427
Paweł Zagumny
73%
322
Krzysztof Ignaczak
62%
322
Sebastian Świderski
45%
325
Tomasz Wójtowicz
28%
359
Ryszard Bosek
26%
291
Wojciech Drzyzga
22%
337
Ireneusz Kłos
13%
306
Andrzej Stelmach
12%
366
Wiesław Gawłowski
8%
Nie znaleziono quizów pasujących do podanych kryteriów
Rozkład punktacji
Procent ludzi z każdym wynikiem
Percentyl według liczby udzielonych odpowiedzi
Twoja historia wyników
Nie rozwiązałeś tego quizu